01012cam a2200277 a 450000100100000000500170001000800410002704000300006804100380009808200250013610000360016124000370019724500900023425000110032426000460033530000210038144000220040253400590042465000260048365000300050970000360053991000070057504900090058295201280059199900150071900000472020200929151506.0740215s1976 ag 000 f spa d aDO-SdBNPbspadDLCdBNPHU17aspahfre2Código de idioma MARC a843.914bC211e, 19761 aCamus, Albert,d1913-19609423112aL'Exil et le royaume.lEspañol13aEl exilio y el reino :brelatos /cAlbert Camus ; traducción de Alberto Luis Bixio. a8a ed. aBuenos Aires, Argentina :bLosada,c1976. a170 p. ;c18 cm. 0aLosadav39913742 aTítulo original en francés:tL'exil et le royaume. 4aNovela francesa91075 4aLiteratura francesa910741 aBixio, Alberto Luis,etr.94946 aWM aBNGR 001054708MOaGRbGRcHDd2009-07-25iLF1l0o843.914 C211e, 1976p4720-10r2020-06-25w2020-06-25y4ZPréstamo en sala c4526d4526